000 01304nmc a2200421 a 4500
003 AR-BaBNM
005 20251128204006.0
008 117119s1983 ||||||||||||||000 | spa||
020 _a950-534-032
040 _cAR-BaBNM
110 1 _aArgentina
240 1 0 _aCódigo Procesal Penal
245 1 0 _aCódigo de procedimiento en materia penal de la Nación
_bleyes complementarias : con las reformas de la ley 22.383 y montos actualizados por resolución 1378/82 de la C.S.J.N.
250 _a2ª ed.
260 _aBuenos Aires
_bA-Z editora
_c1983
300 1 _axii, 291 p.
490 0 _aCódigos A.Z.
500 0 _aIndice p. vii-xii
500 0 _aIndice de plazos p. 257-261
500 0 _aIndice alfabético p. 263-287
500 0 _aIndice numérico-cronológico de disposiciones legales p. 289-291
521 _aPRIMARIO
650 4 _aENSENANZA DE LA LECTURA
650 4 _aDERECHO PENAL
650 4 _aPROCEDIMIENTO PENAL
650 4 _aCODIGOS
650 4 _aDELITOS
650 4 _aJUICIOS
650 4 _aTRIBUNALES
650 4 _aLEGISLACION
650 4 _aLEGISLACION ARGENTINA
653 _aLIBROS DE LECTURA
653 _aENSENANZA DE LA LENGUA
700 1 _aCraviotto, Gerardo A.
_eeditor
700 1 _aMendaña, Ricardo J.
_eeditor
942 _cBK
998 _cAndrea
999 _c5756
_d5756